Maxim Hottest Women of 2008 (Images) Quiz Stats

 Plays Quiz not verified by Sporcle

Challenge
Share
Tweet
Score 0/100 Timer 18:00
0 Plays Today
% Correct
Sarah Michelle Gellar
93.3%
Scarlett Johansson
91.4%
Eva Longoria
91.4%
Christina Aguilera
89.5%
Megan Fox
87.6%
Lindsay Lohan
85.7%
Beyonce
85.7%
Jessica Biel
83.8%
Britney Spears
82.9%
Charlize Theron
80%
Avril Lavigne
80%
Jennifer Love Hewitt
79%
Elisha Cuthbert
78.1%
The Pussycat Dolls
78.1%
Cameron Diaz
77.1%
Taylor Swift
75.2%
Eva Mendes
74.3%
Ashley Olsen
72.4%
Emma Watson
72.4%
Rihanna
69.5%
Sofia Vergara
68.6%
Jessica Simpson
68.6%
Mila Kunis
68.6%
Vanessa Hudgens
67.6%
Hilary Duff
67.6%
Penelope Cruz
67.6%
Jessica Alba
66.7%
Mariah Carey
62.9%
Hayden Panettiere
61%
Alicia Keys
61%
Heidi Klum
60%
Kristen Bell
60%
Ashley Tisdale
59%
Olivia Wilde
59%
% Correct
Amanda Bynes
57.1%
Mischa Barton
55.2%
Rachel Bilson
54.3%
Blake Lively
53.3%
Zooey Deschanel
53.3%
Isla Fisher
52.4%
Christina Ricci
51.4%
Shannon Elizabeth
50.5%
Olivia Munn
49.5%
Eliza Dushku
48.6%
Marisa Miller
46.7%
Ashlee Simpson
46.7%
Anna Paquin
46.7%
Lacey Chabert
44.8%
Gabrielle Union
43.8%
Danica Patrick
43.8%
Ali Larter
43.8%
Drew Barrymore
42.9%
Mena Suvari
41.9%
Fergie
41%
Amber Heard
38.1%
Evangeline Lilly
38.1%
Tila Tequila
37.1%
Nelly Furtado
35.2%
Minka Kelly
35.2%
Rebecca Romijn
35.2%
Mandy Moore
35.2%
Lauren Conrad
34.3%
Heidi Montag
33.3%
America Ferrera
33.3%
Dita Von Teese
33.3%
Sienna Miller
32.4%
Julianne Hough
32.4%
Kat Von D
32.4%
% Correct
Leighton Meester
30.5%
Brittany Snow
30.5%
Natasha Bedingfield
28.6%
Lake Bell
27.6%
Jennifer Garner
26.7%
Leslie Bibb
26.7%
Kate Bosworth
26.7%
Christina Milian
26.7%
Stacy Keibler
25.7%
Jaime King
24.8%
Molly Sims
24.8%
Audrina Patridge
24.8%
Malin Akerman
22.9%
Danneel Harris
21.9%
Zoe Saldana
21%
Roselyn Sanchez
21%
Nadine Velazquez
18.1%
Diora Baird
18.1%
Emilie de Ravin
18.1%
Vanessa Minnillo
16.2%
Selita Ebanks
15.2%
Karolina Kurkova
14.3%
Ashanti
13.3%
Taryn Manning
13.3%
Paz Vega
6.7%
Cheryl Burke
5.7%
Natalie Zea
4.8%
Ashley Scott
4.8%
Michele Merkin
3.8%
Sarah Mutch
2.9%
Susie Castillo
2.9%
Whitney Able
2.9%

You're not logged in!

Compare scores with friends on all Sporcle quizzes.
Join for Free
OR
Log In

You Might Also Like...

Show Comments

Extras

Top Quizzes Today


Score Distribution

Your Account Isn't Verified!

In order to create a playlist on Sporcle, you need to verify the email address you used during registration. Go to your Sporcle Settings to finish the process.

Report this User

Report this user for behavior that violates our Community Guidelines.

Details: